000 00250nam a2200097Ia 4500
008 220204s9999 xx 000 0 und d
082 _a030.8::801.314
_bWEB
245 0 _aWebsters dictionary of synonyms
260 _aSpringfield
_bG C
_c1977
942 _cBK
999 _c20832
_d20832